[Event "European Blitz 2017"]
[Site "Katowice POL"]
[Date "2017.12.15"]
[Round "20.34"]
[White "Horton, Andrew P"]
[Black "Saric, Ante"]
[Result "1-0"]
[WhiteTitle "FM"]
[BlackTitle "GM"]
[WhiteElo "2397"]
[BlackElo "2540"]
[WhiteFideId "424269"]
[BlackFideId "14506254"]
[EventDate "2017.12.15"]
[EventType "blitz"]

1. Nf3 Nf6 2. c4 e6 3. g3 d5 4. Bg2 dxc4 5. Qa4+ Bd7 6. Qxc4 c5 7. Ne5 Qc8 8.
O-O Nc6 9. Nxd7 Qxd7 10. d3 Rc8 11. Qc2 Be7 12. Nd2 O-O 13. b3 Nd4 14. Qd1 Nd5
15. Bb2 b6 16. Nc4 Bf6 17. Qd2 Qe7 18. e4 Nc7 19. e5 Bg5 20. f4 Bh6 21. Bxd4
cxd4 22. Rac1 Nb5 23. Qf2 f6 24. Kh1 Rcd8 25. Rfe1 Nc3 26. exf6 Qxf6 27. Ne5 g5
28. Ng4 Qg6 29. Be4 Qg7 30. f5 exf5 31. Bxf5 Qb7+ 32. Qg2 Qxg2+ 33. Kxg2 Bg7 34.
Be6+ Kh8 35. a3 h5 36. Ne5 Kh7 37. a4 Rde8 38. Nd7 Rh8 39. Bf5+ Kh6 40. h3 h4
41. g4 a5 42. Ra1 Rhg8 43. Be6 Rh8 44. Bf7 Rxe1 45. Rxe1 Bf8 46. Bc4 Bc5 47.
Re6+ Kg7 48. Nxb6 Rf8 49. Nd7 Rc8 50. Re5 Bd6 51. Rxg5+ Kh7 52. Rh5+ Kg6 53. Rf5
Rc6 54. Nf6 Be7 55. Nh5 Rd6 56. Nf4+ Kh6 57. Kf3 Bg5 58. Ne6 Be7 59. Kf4 Ne2+
60. Ke5 Rb6 61. g5+ Bxg5 62. Nxg5 Rg6 63. Nf7+ Kg7 64. Nd6 Ng3 65. Rf4 Rg5+ 66.
Ke6 Nh5 67. Rxh4 Kg6 68. Kd7 Nf6+ 69. Kc7 Rg3 70. Rxd4 Kg5 71. Nb7 Rg1 72. Nxa5
Rc1 73. Kb6 Kf5 74. Nc6 Ne8 75. Nb4 Nf6 76. a5 Ra1 77. a6 Ke5 78. Rd8 Nh5 79.
Rd5+ 1-0

[Event "European Blitz 2017"]
[Site "Katowice POL"]
[Date "2017.12.15"]
[Round "20.35"]
[White "Krause, Jonah"]
[Black "Zwardon, Vojtech"]
[Result "0-1"]
[WhiteTitle "FM"]
[BlackTitle "IM"]
[WhiteElo "2368"]
[BlackElo "2408"]
[WhiteFideId "12907910"]
[BlackFideId "325511"]
[EventDate "2017.12.15"]
[EventType "blitz"]

1. d4 Nf6 2. c4 e5 3. dxe5 Ng4 4. e3 Nxe5 5. Nh3 d6 6. Nf4 g5 7. Nd5 Be6 8. f4
Ng4 9. Be2 h5 10. h3 Nf6 11. Nbc3 Nxd5 12. cxd5 Bd7 13. O-O gxf4 14. exf4 Rg8
15. Kh2 Qh4 16. Qe1 Be7 17. Qxh4 Bxh4 18. Be3 Bg3+ 19. Kh1 h4 20. Bd4 Na6 21.
Ne4 O-O-O 22. Nxg3 hxg3 23. Bxa6 bxa6 24. Bxa7 Rde8 25. Rae1 Bb5 26. Rg1 Bc4 27.
b3 Bxd5 28. Bd4 c5 29. Bf6 Kd7 30. Bh4 Re4 31. Rxe4 Bxe4 32. Re1 f5 33. Re3 Rh8
34. Bxg3 Rxh3+ 35. Kg1 Rh8 36. Re2 d5 37. Bf2 d4 38. b4 Rg8 39. bxc5 Rxg2+ 40.
Kf1 Rg4 41. Rd2 d3 42. Be3 Rg3 43. Bd4 Rf3+ 44. Rf2 d2 45. Ke2 Rd3 46. Kd1 Rxd4
47. Rxd2 Rxd2+ 0-1

[Event "European Blitz 2017"]
[Site "Katowice POL"]
[Date "2017.12.15"]
[Round "20.36"]
[White "Lubczynski, Rafal"]
[Black "Chigaev, Maksim"]
[Result "0-1"]
[WhiteTitle "IM"]
[BlackTitle "GM"]
[WhiteElo "2429"]
[BlackElo "2555"]
[WhiteFideId "1126091"]
[BlackFideId "4108116"]
[EventDate "2017.12.15"]
[EventType "blitz"]

1. Nf3 b6 2. c4 Bb7 3. Nc3 g6 4. g3 Bg7 5. Bg2 Nf6 6. O-O O-O 7. d4 Ne4 8. Bd2
e6 9. Qc2 Nxd2 10. Qxd2 d6 11. e4 Nd7 12. d5 Qe7 13. Nd4 a5 14. dxe6 fxe6 15.
Bh3 Ne5 16. Qe2 Bc8 17. Rad1 c5 18. Ndb5 Nf3+ 19. Kh1 Nd4 20. Nxd4 cxd4 21. Nb5
e5 22. Bxc8 Raxc8 23. f4 exf4 24. gxf4 Rce8 25. Rde1 Qd7 26. Qd3 Bh6 27. f5 gxf5
28. exf5 Qb7+ 29. Kg1 Be3+ 30. Rxe3 Rxe3 31. Qxd4 Qe4 32. Qxe4 Rxe4 33. Nxd6 Rd4
34. Nb5 Rxc4 35. Rf2 Rc1+ 36. Kg2 Rc5 37. Nd4 Kf7 38. Kf3 Rd8 39. Ke4 Rc4 40.
Rd2 a4 41. a3 Kf6 42. Rd3 b5 43. Ke3 Rd5 44. Nxb5 Rxb5 0-1

[Event "European Blitz 2017"]
[Site "Katowice POL"]
[Date "2017.12.15"]
[Round "20.37"]
[White "Janik, Igor"]
[Black "Kovalev, Denis"]
[Result "1/2-1/2"]
[WhiteTitle "FM"]
[BlackTitle "IM"]
[WhiteElo "2413"]
[BlackElo "2504"]
[WhiteFideId "1159259"]
[BlackFideId "14104059"]
[EventDate "2017.12.15"]
[EventType "blitz"]

1. e4 c6 2. d4 d5 3. e5 c5 4. dxc5 Nc6 5. Nf3 Bg4 6. Bb5 e6 7. c3 Bxf3 8. Qxf3
Bxc5 9. b4 Bb6 10. Be3 Ne7 11. Bxc6+ Nxc6 12. Qg3 Bxe3 13. Qxg7 Rf8 14. fxe3
Qh4+ 15. Qg3 Qe4 16. Nd2 Qxe5 17. Qxe5 Nxe5 18. Ke2 Rc8 19. Rac1 Ke7 20. e4 Rfd8
21. Rhd1 dxe4 22. Nxe4 Rxd1 23. Rxd1 f5 24. Nc5 b6 25. Nd3 Ng4 26. h3 Nf6 27.
Rc1 Rc4 28. Nb2 Re4+ 29. Kd3 Nd5 30. g3 Re3+ 31. Kd4 Rxg3 32. a3 Nf4 33. Re1
Rxh3 34. a4 Rh2 35. Nc4 Kf6 36. a5 Nd5 37. a6 Rh4+ 38. Kd3 Rh3+ 39. Kd4 Nxc3 40.
Nd6 Nd5 41. b5 Rh4+ 42. Kd3 Rb4 43. Rh1 Nf4+ 44. Kc3 Nd5+ 45. Kd3 Rb3+ 46. Kc2
Rc3+ 47. Kd2 Ke5 48. Nf7+ Kd4 49. Ng5 Rd3+ 50. Kc2 Nb4+ 51. Kc1 e5 52. Rxh7 Kc4
53. Rxa7 Kxb5 54. Re7 Rg3 55. Rxe5+ Kxa6 56. Rxf5 Nd3+ 57. Kd2 Nc5 58. Nf3 Kb5
59. Ne5 Rh3 60. Rf4 Rh5 61. Nf3 Rd5+ 62. Kc3 Rd3+ 63. Kc2 Re3 64. Nd4+ Ka5 65.
Nc6+ Ka6 66. Nb4+ Kb5 67. Nd5 Re2+ 68. Kd1 Rb2 69. Nc3+ Ka5 70. Rc4 Rh2 71. Rg4
b5 72. Nd5 Nd3 73. Rd4 Nb2+ 74. Kc1 Nc4 75. Rd3 Rf2 76. Rb3 Ka4 77. Rh3 b4 78.
Rh4 Rf1+ 79. Kc2 Rf5 80. Nc3+ bxc3 81. Rxc4+ Kb5 1/2-1/2

[Event "European Blitz 2017"]
[Site "Katowice POL"]
[Date "2017.12.15"]
[Round "20.38"]
[White "Meskovs, Nikita"]
[Black "Reichmann, Hendrik"]
[Result "1-0"]
[WhiteTitle "GM"]
[BlackTitle "FM"]
[WhiteElo "2538"]
[BlackElo "2337"]
[WhiteFideId "11602740"]
[BlackFideId "4647823"]
[EventDate "2017.12.15"]
[EventType "blitz"]

1. c4 g6 2. Nc3 Bg7 3. d4 d6 4. h4 h6 5. g3 Nc6 6. Nf3 Bg4 7. Bg2 Nf6 8. d5 Nb8
9. Nd4 Bd7 10. e4 c5 11. Nc2 a6 12. a4 e5 13. Ne3 O-O 14. Bf3 a5 15. Kf1 Na6 16.
Kg2 Nb4 17. Bd2 Nh7 18. h5 Ng5 19. Be2 f5 20. hxg6 f4 21. Nf5 Bxf5 22. exf5 Rxf5
23. Bg4 Rf8 24. gxf4 exf4 25. f3 Nd3 26. Qc2 Ne5 27. Bh5 Nxc4 28. Rae1 Ne5 29.
Ne4 Qd7 30. Nxg5 hxg5 31. Bc3 g4 32. Bxe5 gxf3+ 33. Kxf3 Bxe5 34. Bg4 1-0

[Event "European Blitz 2017"]
[Site "Katowice POL"]
[Date "2017.12.15"]
[Round "20.39"]
[White "Tregubov, Pavel V."]
[Black "De Filomeno, Simone"]
[Result "1-0"]
[WhiteTitle "GM"]
[BlackTitle "IM"]
[WhiteElo "2575"]
[BlackElo "2429"]
[WhiteFideId "4115341"]
[BlackFideId "828688"]
[EventDate "2017.12.15"]
[EventType "blitz"]

1. d4 Nf6 2. c4 d6 3. Nf3 Nbd7 4. Nc3 e5 5. g3 Be7 6. Bg2 O-O 7. O-O c6 8. e4
Qe8 9. h3 Bd8 10. d5 c5 11. Ne1 a6 12. a4 Ba5 13. Bd2 Kh8 14. Nd3 Ng8 15. f4 f5
16. exf5 Rxf5 17. Qe2 Rf8 18. Rae1 Ngf6 19. fxe5 Nxe5 20. Nxe5 Qxe5 21. Qxe5
dxe5 22. Rxe5 Bd7 23. d6 Bc6 24. Bxc6 bxc6 25. Kg2 Bb4 26. Bg5 Rad8 27. Re6 Kg8
28. Bxf6 gxf6 29. Rfxf6 Rxf6 30. Rxf6 Bxc3 31. bxc3 Kg7 32. Re6 Kf7 33. Re7+ Kf6
34. Rxh7 Ke5 35. d7 Ke4 36. g4 Kd3 37. g5 Kxc4 38. g6 Kxc3 39. g7 Rg8 40. Kf3 1-0

[Event "European Blitz 2017"]
[Site "Katowice POL"]
[Date "2017.12.15"]
[Round "20.40"]
[White "Ladva, Ottomar"]
[Black "Piesik, Piotr"]
[Result "1-0"]
[WhiteTitle "GM"]
[BlackTitle "FM"]
[WhiteElo "2522"]
[BlackElo "2374"]
[WhiteFideId "4500024"]
[BlackFideId "1136194"]
[EventDate "2017.12.15"]
[EventType "blitz"]

1. Nf3 g6 2. d4 Bg7 3. g3 Nf6 4. Bg2 d5 5. O-O O-O 6. c4 c6 7. b3 Bf5 8. Bb2 a5
9. Nc3 Ne4 10. e3 Nxc3 11. Bxc3 Be4 12. Qe2 Nd7 13. Rfd1 a4 14. Bh3 Bxf3 15.
Qxf3 Nf6 16. Qe2 Ne4 17. Be1 axb3 18. axb3 Qb6 19. Qc2 Ra6 20. Bf1 Raa8 21. Rdc1
e6 22. Bd3 Nf6 23. Kg2 Nd7 24. Bc3 Rfe8 25. h4 e5 26. Rxa8 Rxa8 27. dxe5 dxc4
28. Bxc4 Bxe5 29. Rd1 Bxc3 30. Rxd7 Bg7 31. Rxf7 Kh8 32. h5 gxh5 33. Qf5 Qa5 34.
Qxa5 Rxa5 35. Rxb7 Be5 36. Bd3 Kg8 37. Bxh7+ Kf8 38. Be4 c5 39. Rh7 Rb5 40. Rxh5
Bd6 41. Bd5 Ke7 42. Bc4 Rb8 43. e4 Rf8 44. e5 Bb8 45. f4 Rd8 46. Rh7+ Ke8 47.
Rh8+ Ke7 48. Rxd8 Kxd8 49. Kf3 Ke7 50. Ke4 Bc7 51. f5 Ba5 52. f6+ Kf8 53. Kf5
Be1 54. e6 Bxg3 55. e7+ Ke8 56. Bb5+ Kf7 57. e8=Q# 1-0

[Event "European Blitz 2017"]
[Site "Katowice POL"]
[Date "2017.12.15"]
[Round "20.41"]
[White "Gazik, Viktor"]
[Black "Feuerstack, Aljoscha"]
[Result "0-1"]
[WhiteTitle "IM"]
[BlackTitle "IM"]
[WhiteElo "2479"]
[BlackElo "2438"]
[WhiteFideId "14928752"]
[BlackFideId "4681932"]
[EventDate "2017.12.15"]
[EventType "blitz"]

1. Nf3 d5 2. d4 Nf6 3. e3 c5 4. c3 cxd4 5. exd4 Nc6 6. Bd3 Bg4 7. Bf4 e6 8. Nbd2
Bd6 9. Bxd6 Qxd6 10. O-O O-O 11. h3 Bh5 12. a4 Na5 13. Qc2 Rfc8 14. Ne5 Bg6 15.
Nxg6 hxg6 16. Nf3 Nc4 17. Rae1 Qb6 18. Re2 Nd7 19. Ng5 Qd8 20. h4 Nf8 21. g3 a6
22. f4 Nd6 23. Rfe1 Qd7 24. a5 Nf5 25. Kg2 Nxd4 26. Qd2 Nxe2 27. Rxe2 d4 28. c4
f6 29. Ne4 Qc6 30. Kh2 Nd7 31. b4 b6 32. axb6 Nxb6 33. c5 Nd5 34. Nd6 Ne3 35.
Be4 Nf1+ 36. Kg2 Nxd2 37. Bxc6 Rxc6 38. Rxd2 a5 39. Ra2 Kf8 40. Nc4 Rb8 41. Nxa5
Ra6 42. Ra4 e5 43. fxe5 fxe5 44. Kf3 Ke7 45. Ke4 Ke6 46. c6 Rba8 47. Ra1 Rxc6
48. Rb1 Rc3 0-1

[Event "European Blitz 2017"]
[Site "Katowice POL"]
[Date "2017.12.15"]
[Round "20.42"]
[White "Pena Gomez, Manuel"]
[Black "Sakalauskas, Vaidas"]
[Result "0-1"]
[WhiteTitle "IM"]
[BlackTitle "IM"]
[WhiteElo "2491"]
[BlackElo "2351"]
[WhiteFideId "2252813"]
[BlackFideId "12800457"]
[EventDate "2017.12.15"]
[EventType "blitz"]

1. c4 Nf6 2. g3 d5 3. cxd5 Nxd5 4. Bg2 c5 5. Nf3 Nc6 6. O-O Nc7 7. b3 e5 8. Bb2
f6 9. Nc3 Be7 10. Rc1 O-O 11. d3 b6 12. Nd2 Bb7 13. Na4 Qd7 14. b4 Ne6 15. bxc5
Nxc5 16. Nxc5 Bxc5 17. Ne4 Be7 18. Qa4 Rac8 19. Rfd1 Rfd8 20. Ba3 Nd4 21. Qxd7
Rxd7 22. Rxc8+ Bxc8 23. Bxe7 Rxe7 24. e3 Ne6 25. Nd6 Ba6 26. Rc1 h5 27. Bd5 Kh7
28. Be4+ g6 29. Nc8 Rd7 30. Rc6 Nc5 31. Nd6 f5 32. Nxf5 Nxe4 33. dxe4 gxf5 34.
Re6 Be2 35. f4 fxe4 36. Rxe5 Bf3 37. f5 Kg7 38. h3 Kf6 39. Re8 Kxf5 40. Rg8 Rd2
41. a4 Ra2 42. Rf8+ Ke6 43. Re8+ Kd7 44. Rg8 Rxa4 45. g4 hxg4 46. hxg4 Ke6 47.
Kf2 Kf7 48. Rg5 Ra5 0-1

[Event "European Blitz 2017"]
[Site "Katowice POL"]
[Date "2017.12.15"]
[Round "20.43"]
[White "Berchtenbreiter, Maximilian"]
[Black "Chernyak, Viktoria"]
[Result "0-1"]
[WhiteTitle "IM"]
[BlackTitle "WFM"]
[WhiteElo "2387"]
[BlackElo "2196"]
[WhiteFideId "24641120"]
[BlackFideId "24165956"]
[EventDate "2017.12.15"]
[EventType "blitz"]

1. e4 c5 2. Nc3 Nc6 3. Nge2 g6 4. h4 h5 5. d3 Bg7 6. Be3 Nd4 7. Qd2 d6 8. a4 Nh6
9. Bxd4 cxd4 10. Nb5 Qb6 11. c3 dxc3 12. Nbxc3 Bd7 13. Nd5 Qd8 14. d4 O-O 15. f3
e6 16. Ndc3 Rc8 17. g3 Qb6 18. Bg2 f5 19. O-O Kh7 20. a5 Qb4 21. Rfd1 Rc4 22.
Bf1 Rfc8 23. Kg2 fxe4 24. Nxe4 Qxd2 25. Rxd2 Nf5 26. Kf2 R8c6 27. Bh3 Nxd4 28.
Ng5+ Kg8 29. Nf4 d5 30. Nxg6 Rc7 31. Nf4 Nb3 32. Rad1 Nxd2 33. Rxd2 Rc2 34. Ke1
Bxb2 35. Rxc2 Rxc2 36. Nxh5 Bc3+ 37. Kd1 Ba4 38. Bxe6+ Kf8 39. Nf4 d4 40. Ne4
Ra2+ 41. Kc1 Ra1# 0-1

[Event "European Blitz 2017"]
[Site "Katowice POL"]
[Date "2017.12.15"]
[Round "20.45"]
[White "Shubin, Kirill"]
[Black "Mikrut, Dariusz"]
[Result "0-1"]
[WhiteTitle "FM"]
[BlackTitle "IM"]
[WhiteElo "2287"]
[BlackElo "2375"]
[WhiteFideId "34119962"]
[BlackFideId "1112791"]
[EventDate "2017.12.15"]
[EventType "blitz"]

1. e4 c5 2. Ne2 a6 3. g3 g6 4. Bg2 Bg7 5. O-O Nc6 6. Nbc3 e6 7. d3 Nge7 8. f4 d6
9. Be3 Nd4 10. Qd2 O-O 11. h3 f5 12. Nd1 Rb8 13. c3 Nxe2+ 14. Qxe2 b6 15. g4 Bb7
16. Nf2 Qd7 17. Rad1 d5 18. exf5 gxf5 19. d4 Qc6 20. Nh1 Rbe8 21. Ng3 Nc8 22.
dxc5 bxc5 23. Qf2 fxg4 24. hxg4 Be5 25. Nh5 Bd6 26. Qh4 Be7 27. Qg3 Qc7 28. g5
Nd6 29. Qg4 Nf5 30. Bf2 Kh8 31. Rfe1 Qd7 32. b4 d4 33. cxd4 Bxg2 34. Qxg2 cxd4
35. Re4 Bxb4 36. Kh1 Bc5 37. Re5 Bd6 38. Bxd4 Nxd4 39. Rxd4 Qc7 40. Re1 Bxf4 41.
Rde4 e5 42. Nf6 Rxf6 43. gxf6 Rf8 44. Qh3 Rxf6 45. Kg2 Rg6+ 46. Kf1 Qc2 47. Rxf4
exf4 48. Re8+ Kg7 49. Re7+ Kf8 50. Qxh7 Qd1+ 51. Kf2 Qd2+ 52. Kf1 Qg2+ 53. Ke1
Qg1+ 54. Kd2 Qd4+ 55. Kc2 Rg2+ 56. Kb3 Rb2+ 0-1

[Event "European Blitz 2017"]
[Site "Katowice POL"]
[Date "2017.12.15"]
[Round "20.46"]
[White "Polivanov, Anatoliy"]
[Black "Berzina, Ilze"]
[Result "1-0"]
[WhiteTitle "IM"]
[BlackTitle "WGM"]
[WhiteElo "2383"]
[BlackElo "2211"]
[WhiteFideId "14109468"]
[BlackFideId "11601345"]
[EventDate "2017.12.15"]
[EventType "blitz"]

1. d4 d5 2. c4 c6 3. Nf3 Nf6 4. Nc3 dxc4 5. e4 b5 6. Be2 Bb7 7. O-O e6 8. b3
cxb3 9. d5 exd5 10. exd5 Nxd5 11. Nxd5 Qxd5 12. Qxd5 cxd5 13. Bxb5+ Bc6 14. Re1+
Be7 15. Ba3 Bxb5 16. Rxe7+ Kd8 17. Ne5 Nc6 18. Nxf7+ Kc8 19. Rc1 Bc4 20. axb3
Nxe7 21. bxc4 Rf8 22. cxd5+ Kd7 23. Ne5+ Kd8 24. Nc6+ Nxc6 25. Bxf8 Nd4 26. Kf1
Nf5 27. g4 Nh6 28. Bxg7 Nf7 29. f4 a5 30. h4 a4 31. g5 Nd6 32. h5 a3 33. g6 hxg6
34. h6 a2 35. h7 Nf7 36. h8=Q+ Nxh8 37. Bxh8 Rb8 38. Ke2 Rb1 39. Kd2 Kd7 40. Be5
Rb4 41. Rc7+ Kd8 42. Ra7 Rc4 43. Rxa2 1-0

[Event "European Blitz 2017"]
[Site "Katowice POL"]
[Date "2017.12.15"]
[Round "20.47"]
[White "Oglaza, Oskar"]
[Black "Saraci, Nderim"]
[Result "1-0"]
[BlackTitle "FM"]
[WhiteElo "2245"]
[BlackElo "2398"]
[WhiteFideId "1194402"]
[BlackFideId "6351921"]
[EventDate "2017.12.15"]
[EventType "blitz"]

1. e4 e5 2. Nf3 Nc6 3. d4 exd4 4. Nxd4 Nf6 5. Nxc6 bxc6 6. Qe2 a5 7. Nc3 Bb4 8.
Bg5 Be7 9. O-O-O O-O 10. e5 Nd5 11. Bxe7 Nxe7 12. h4 Nd5 13. Ne4 1-0

[Event "European Blitz 2017"]
[Site "Katowice POL"]
[Date "2017.12.15"]
[Round "20.49"]
[White "Alekseev, Evgeny"]
[Black "Radnai, Adam"]
[Result "1-0"]
[WhiteTitle "GM"]
[BlackTitle "FM"]
[WhiteElo "2616"]
[BlackElo "2266"]
[WhiteFideId "4138147"]
[BlackFideId "726702"]
[EventDate "2017.12.15"]
[EventType "blitz"]

1. e4 c5 2. Nf3 Nc6 3. d4 cxd4 4. Nxd4 Nf6 5. Nc3 e5 6. Ndb5 d6 7. Bg5 a6 8. Na3
b5 9. Nd5 Qa5+ 10. Bd2 Qd8 11. Nxf6+ Qxf6 12. Bd3 Qg6 13. O-O Bh3 14. Qf3 Bg4
15. Qg3 Be7 16. c4 b4 17. Nc2 a5 18. Ne3 Be6 19. Nd5 O-O 20. Qxg6 hxg6 21. Rfc1
Rab8 22. b3 Rfc8 23. Be3 f5 24. g3 Kf7 25. Kg2 Bd8 26. h4 Nd4 27. Bxd4 exd4 28.
Nf4 Bf6 29. Nxe6 Kxe6 30. exf5+ gxf5 31. Re1+ Kf7 32. Bxf5 Re8 33. Bd3 Re5 34.
Rxe5 Bxe5 35. f4 Bf6 36. Re1 Rd8 37. Kf3 Kf8 38. h5 d5 39. cxd5 Rxd5 40. g4 Rd8
41. g5 Be7 42. Re6 Rc8 43. Bc4 a4 44. Ke4 axb3 45. axb3 Bc5 46. h6 gxh6 47. Rxh6
Kg7 48. Re6 Rh8 49. Rc6 Be7 50. Rc7 Kf8 51. Kf5 Bd6 52. Rd7 Bb8 53. Kg6 Ke8 54.
Rxd4 Rf8 55. f5 Be5 56. Re4 1-0

[Event "European Blitz 2017"]
[Site "Katowice POL"]
[Date "2017.12.15"]
[Round "20.50"]
[White "Mikhalchishin, Adrian"]
[Black "Lewtak, Damian"]
[Result "1-0"]
[WhiteTitle "GM"]
[WhiteElo "2479"]
[BlackElo "2358"]
[WhiteFideId "14602385"]
[BlackFideId "1141724"]
[EventDate "2017.12.15"]
[EventType "blitz"]

1. Nf3 d5 2. d4 Nf6 3. c4 c6 4. e3 Bf5 5. Nc3 e6 6. Bd3 Bxd3 7. Qxd3 Be7 8. O-O
Nbd7 9. b3 O-O 10. Bb2 Re8 11. Rfd1 Bb4 12. a3 Bxc3 13. Bxc3 Ne4 14. Bb2 f5 15.
Ne1 Qh4 16. Qe2 Rf8 17. f3 Ng5 18. Nd3 Rf6 19. g3 Qh5 20. Rf1 Rh6 21. Nf4 Qe8
22. h4 Nf7 23. e4 g5 24. hxg5 Nxg5 25. exf5 exf5 26. Rae1 Qf7 27. Qe7 Nf6 28.
Qxf7+ Kxf7 29. Re5 Nh3+ 30. Nxh3 Rxh3 31. Kg2 Rh5 32. Rfe1 Re8 33. Bc1 Rxe5 34.
dxe5 Ne8 35. e6+ Kf6 36. Bf4 Ke7 37. g4 1-0

[Event "European Blitz 2017"]
[Site "Katowice POL"]
[Date "2017.12.15"]
[Round "20.51"]
[White "Miton, Kamil"]
[Black "Konopka, Michal"]
[Result "1-0"]
[WhiteTitle "GM"]
[BlackTitle "IM"]
[WhiteElo "2584"]
[BlackElo "2381"]
[WhiteFideId "1111914"]
[BlackFideId "308633"]
[EventDate "2017.12.15"]
[EventType "blitz"]

1. d4 Nf6 2. c4 g6 3. Nc3 d5 4. Qb3 dxc4 5. Qxc4 Bg7 6. e4 O-O 7. Be2 c6 8. Nf3
e5 9. dxe5 Ng4 10. Bf4 Be6 11. Qb4 Nd7 12. Rd1 Qb6 13. Qxb6 axb6 14. Nd4 Ngxe5
15. Bxe5 Nxe5 16. f4 Nc4 17. Nxe6 Nxb2 18. Nxg7 Nxd1 19. Kxd1 Kxg7 20. Kc2 b5
21. Rb1 Rfd8 22. Rb4 f6 23. a4 bxa4 24. Rxb7+ Kh6 25. Bc4 Rd4 26. Be6 a3 27. Ba2
c5 28. Rb1 Rb4 29. Rxb4 cxb4 30. Nd5 f5 31. e5 Rc8+ 32. Kb3 Rc1 33. Kxb4 Rg1 34.
e6 Rxg2 35. e7 Re2 36. Kc5 g5 37. Kd6 g4 38. Nf6 Rd2+ 39. Ke6 Re2+ 40. Kf7 Rxh2 1-0

[Event "European Blitz 2017"]
[Site "Katowice POL"]
[Date "2017.12.15"]
[Round "20.52"]
[White "Olszewski, Michal"]
[Black "Sahidi, Samir"]
[Result "1-0"]
[WhiteTitle "GM"]
[BlackTitle "FM"]
[WhiteElo "2540"]
[BlackElo "2247"]
[WhiteFideId "1121251"]
[BlackFideId "14936372"]
[EventDate "2017.12.15"]
[EventType "blitz"]

1. e4 c6 2. d4 d5 3. e5 Bf5 4. Nf3 e6 5. Be2 h6 6. O-O Ne7 7. a4 Ng6 8. a5 Be7
9. c4 dxc4 10. Bxc4 O-O 11. h3 Na6 12. Bd2 Nh4 13. Bc3 Be4 14. Nxh4 Bxh4 15. Nd2
Bd5 16. Bd3 Be7 17. Qe2 Nb4 18. Bb1 b6 19. Nc4 c5 20. dxc5 Bxc5 21. Ne3 Bxe3 22.
Qxe3 Nc6 23. axb6 Qxb6 24. Qd3 g6 25. Ra6 Qc5 26. Ra4 Bb3 27. Rh4 Rfd8 28. Qg3
Kg7 29. Qf4 h5 30. Qf6+ Kg8 31. Bxg6 Qe7 32. Qxe7 Nxe7 33. Bxh5 Nd5 34. Bf3 Rac8
35. Bd2 Ne7 36. Bg5 Re8 37. Bf6 Ng6 38. Rb4 Bd5 39. Be2 Rb8 40. Rxb8 Rxb8 41.
Rc1 Nf4 42. Bf1 Kh7 1-0

[Event "European Blitz 2017"]
[Site "Katowice POL"]
[Date "2017.12.15"]
[Round "20.53"]
[White "Laurusas, Tomas"]
[Black "Mazurkiewicz, Michal"]
[Result "0-1"]
[WhiteTitle "IM"]
[WhiteElo "2423"]
[BlackElo "2215"]
[WhiteFideId "12803731"]
[BlackFideId "1124943"]
[EventDate "2017.12.15"]
[EventType "blitz"]

1. d4 Nf6 2. c4 e5 3. dxe5 Ng4 4. Nc3 Bc5 5. e3 Nxe5 6. Nh3 d6 7. Nf4 Bf5 8. Be2
O-O 9. a3 a5 10. b3 c6 11. Bb2 Nbd7 12. O-O Qh4 13. Qd2 Rae8 14. Nd1 g5 15. Nd3
Bxd3 16. Bxd3 Nxd3 17. Qxd3 Ne5 18. Qf5 Qg4 19. Qxg4 Nxg4 20. h3 Ne5 21. Bc3 f5
22. Bxa5 f4 23. Bb4 Bxb4 24. axb4 Ra8 25. Nc3 fxe3 26. fxe3 Rxf1+ 27. Rxf1 Ra3
28. Rb1 Nxc4 29. Ne4 Nxe3 30. Nxd6 Ra2 31. Nxb7 Nxg2 32. Nd8 Nf4 33. Nxc6 Nxh3+
34. Kf1 g4 35. Ne7+ Kf7 36. Nd5 g3 37. Ne3 Rf2+ 38. Ke1 g2 39. Nxg2 Rxg2 40. Rd1
Rg1+ 41. Kd2 Rxd1+ 42. Kxd1 Ke6 43. Ke2 Ng5 44. Ke3 Kd5 45. Kf4 Nf7 46. Kf5 h6
47. Kf4 Kc6 48. Ke3 Kb5 49. Kd3 Kxb4 50. Kc2 h5 51. Kd3 Nd6 52. Ke3 Nf5+ 53. Kf4
h4 54. Kg4 Kxb3 55. Kh3 Kc3 0-1

[Event "European Blitz 2017"]
[Site "Katowice POL"]
[Date "2017.12.15"]
[Round "20.54"]
[White "Sergeev, Vladimir"]
[Black "Krejci, Jan2"]
[Result "1-0"]
[WhiteTitle "GM"]
[BlackTitle "GM"]
[WhiteElo "2406"]
[BlackElo "2570"]
[WhiteFideId "14101076"]
[BlackFideId "322156"]
[EventDate "2017.12.15"]
[EventType "blitz"]

1. d4 Nf6 2. Nf3 e6 3. c3 c5 4. Bg5 h6 5. Bh4 b6 6. e3 Bb7 7. Nbd2 d6 8. Bb5+
Nbd7 9. a4 Be7 10. O-O O-O 11. Qe2 a6 12. Bd3 e5 13. dxe5 dxe5 14. Bxf6 Bxf6 15.
Rfd1 Qc7 16. Be4 Be7 17. Bxb7 Qxb7 18. e4 b5 19. Nf1 c4 20. Ne3 Bc5 21. Nd5 Rfe8
22. Nh4 g6 23. Qg4 Re6 24. axb5 h5 25. Qg3 axb5 26. Rxa8+ Qxa8 27. b3 cxb3 28.
Nf5 Nb6 29. Nc7 Qxe4 30. Nxe6 Qxf5 31. Nxc5 b2 32. Qd3 Qc8 33. Qxb5 Qg4 34. f3
Qf4 35. Qxb2 Qe3+ 36. Qf2 Qxc3 37. Ne4 Qc4 38. Qxb6 1-0

[Event "European Blitz 2017"]
[Site "Katowice POL"]
[Date "2017.12.15"]
[Round "20.55"]
[White "Kashtanov, Ruslan"]
[Black "Kazakovskiy, Valeriy"]
[Result "0-1"]
[WhiteTitle "IM"]
[BlackTitle "IM"]
[WhiteElo "2376"]
[BlackElo "2422"]
[WhiteFideId "4124871"]
[BlackFideId "13507443"]
[EventDate "2017.12.15"]
[EventType "blitz"]

1. e4 e5 2. Nf3 Nc6 3. Bc4 Nf6 4. d4 exd4 5. e5 d5 6. Bb5 Ne4 7. Nxd4 Bc5 8. Be3
O-O 9. Nxc6 bxc6 10. Bxc5 Nxc5 11. Bxc6 Rb8 12. Nc3 d4 13. Nd5 Ne6 14. O-O Bd7
15. Bxd7 Qxd7 16. Qf3 Rxb2 17. c4 c6 18. Nf4 Nxf4 19. Qxf4 c5 20. Qe4 Rfb8 21.
f4 Qg4 22. h3 Qg3 23. Qf3 Qxf3 24. Rxf3 Rb1+ 25. Rxb1 Rxb1+ 26. Kh2 g6 27. Ra3
Rc1 28. Rxa7 Rxc4 29. Kg3 Rc3+ 30. Kg4 h6 31. f5 gxf5+ 32. Kxf5 Rc2 33. g4 d3
34. Rd7 d2 35. a4 c4 36. Kf6 c3 37. Rd8+ 0-1

[Event "European Blitz 2017"]
[Site "Katowice POL"]
[Date "2017.12.15"]
[Round "20.56"]
[White "Kyc, Jerzy"]
[Black "Skliarov, Viktor"]
[Result "1-0"]
[BlackTitle "IM"]
[WhiteElo "2265"]
[BlackElo "2353"]
[WhiteFideId "1163922"]
[BlackFideId "14106736"]
[EventDate "2017.12.15"]
[EventType "blitz"]

1. e4 c5 2. Nf3 Nc6 3. d4 cxd4 4. Nxd4 Nf6 5. Nc3 e5 6. Ndb5 d6 7. Bg5 a6 8. Na3
b5 9. Nd5 Be7 10. Bxf6 Bxf6 11. c3 Bg5 12. Nc2 O-O 13. a4 bxa4 14. Rxa4 a5 15.
Bc4 Rb8 16. Ra2 g6 17. O-O Kh8 18. b4 axb4 19. cxb4 f5 20. Bd3 Be6 21. b5 Ne7
22. Ncb4 Bxd5 23. exd5 Ra8 24. Nc6 Qb6 25. Qb3 e4 26. Bc4 Bf6 27. Rb1 f4 28. Ra6
Qc5 29. Rxa8 Rxa8 30. b6 Ra3 31. Qxa3 Qxa3 32. b7 Nf5 33. b8=Q+ Kg7 34. Qb4 1-0